Calcio en fruticultura: symposium internacional

Αποθηκεύτηκε σε:
Λεπτομέρειες βιβλιογραφικής εγγραφής
Κύριοι συγγραφείς: Yuri S., José Antonio (Συγγραφέας), Retamales A., Jorge (Συγγραφέας)
Μορφή: Βιβλίο
Γλώσσα:Ισπανικά
Έκδοση: Talca Universidad de Talca 1995
Θέματα:
Ετικέτες: Προσθήκη ετικέτας
Δεν υπάρχουν, Καταχωρήστε ετικέτα πρώτοι!

MARC

LEADER 00000nam a2200000 a 4500
001 UCR4579
003 CL-VaPUC
008 980313e19950000CL |||||||||||||||||spa|d
082 0 4 |a 631.8  |b YUR  |2 21 
100 0 |a Yuri S., José Antonio  |e author  |9 404947 
700 0 |a Retamales A., Jorge  |e author  |9 404948 
245 1 0 |a Calcio en fruticultura: symposium internacional 
300 |a 148 p 
942 |c BK 
945 |d 19980313 00:00:00  |a rbrito 
260 |a Talca  |b Universidad de Talca  |c 1995 
650 7 |a CALCIO  |2 CL-VaPUC  |9 356891 
650 0 |a Nutrición vegetal  |9 356885 
650 7 |a EDAFOLOGIA  |2 CL-VaPUC  |9 404949 
650 0 |a Frutales  |9 264870 
650 7 |a POMACEAS  |2 CL-VaPUC  |9 404950 
650 0 |a Arándanos (Vaccinium corymbosum)  |9 404951 
650 7 |a BERRIES  |2 CL-VaPUC  |9 259689 
650 0 |a Vid  |9 264784 
583 |a last modification  |c 19980313 00:00:00  |k Rodrigo Vera 
999 |c 267502  |d 267500